00426nam a22001457a 4500003000400000005001700004008004100021020001500062050002100077082002600098245006500124260004500189300002900234650001700263OSt20140310182328.0130921t xxu||||| |||| 00| 0 eng d a0871919532 aPZ 7b.T181 1984 aGS 398.21 bR661 1984 aThe enchanted pig : bRumanian fairy tale /cJacques Tardi. aMinnesota :b Creative Education, c1984 a23 p. :bill. ; c22 cm. aFairy tales